| 000 | 01393 a2200229 4500 | ||
|---|---|---|---|
| 999 |
_c30375 _d30375 |
||
| 003 | NUST | ||
| 005 | 20180118110449.0 | ||
| 008 | 170511b xxu||||| |||| 00| 0 eng d | ||
| 020 | _a0130457868 (hardcover) | ||
| 020 | _a9780130457868 (hardcover) | ||
| 040 | _cNUST | ||
| 082 | _a515 | ||
| 100 | 1 |
_aTrench, William F. _9534 |
|
| 245 | 1 | 0 |
_aIntroduction to real analysis / _cWilliam F. Trench. |
| 260 |
_a[S.l.] : _bPrentice Hall, _c2003. |
||
| 300 |
_a574 p. ; _c24 cm. |
||
| 520 | _aUsing an extremely clear and informal approach, this book introduces readers to a rigorous understanding of mathematical analysis and presents challenging math concepts as clearly as possible. The real number system. Differential calculus of functions of one variable. Riemann integral functions of one variable. Integral calculus of real-valued functions. Metric Spaces. For those who want to gain an understanding of mathematical analysis and challenging mathematical concepts. | ||
| 942 |
_aSNS _cBK _k515 TRE _2ddc |
||